| 000 | 01145cam a2200265 i 4500 | ||
|---|---|---|---|
| 003 | SA-RiAUC | ||
| 005 | 20250510180337.0 | ||
| 008 | 250510s2008 su g b 000r0 ara c | ||
| 040 |
_aSA-MaMIU _bara _cSA-RiAUC _erda |
||
| 082 | 0 | 4 | _a250.72 |
| 090 |
_a250.72 _bع ب د |
||
| 100 | 1 |
_aعبد العال، إسماعيل سالم _eمؤلف. |
|
| 245 | 1 | 2 |
_aالبحث الفقهي : _bطبيعته-خصائصه-أصوله-مصادره مع المصطلحات الفقهية في المذاهب الأربعة / _cإسماعيل سالم عبد العال. |
| 250 | _aالطبعة الأولى. | ||
| 264 | 1 |
_aمكة المكرمة : _bمكتبة الأسدي، _c2008 |
|
| 300 |
_a334 صفحة ؛ _c25 × 18 سم |
||
| 336 |
_aنص _btxt _2rdacontent _3كتاب |
||
| 337 |
_aبدون وسيط _bn _2rdamedia |
||
| 338 |
_aمجلد _bnc _2rdacarrier |
||
| 504 | _aيشتمل على إرجاعات ببليوجرافية. | ||
| 650 | 7 |
_aالفقه الإسلامي _xمناهج بحث _2aucsh |
|
| 650 | 7 |
_aالفقه الإسلامي _xمذاهب _vمصطلحات _2aucsh |
|
| 942 |
_2ddc _cBOOK _n0 |
||
| 949 |
_aSA-JeALM _d250510 _umohamedma123 _n1 |
||
| 999 |
_c7788 _d7788 |
||